MST News Poland

Uložené v:
Podrobná bibliografia
Médium: Seriál
Tagy: Pridať tag
Žiadne tagy, Buďte prvý, kto otaguje tento záznam!

MARC

LEADER 00000nas a22000003a 4500
001 stu68058
005 20141121235026.3
008 011106s--------------------------------d
040 |a STU  |b slo 
041 0
245 |a MST News Poland 
500 |a 1-4 
500 |a 4 
500 |a 1996 
773 0 |t MST News Poland  |w stu_us_cat*stu68057  |x 1426-854X  |7 nnas 
996 |d Vol. 1996  |v Vol. 1996  |l EE0103  |s A  |a 24  |w stu68058_0001